NFL Hall of Famers - Sudden Death - Statistics

General Stats
  • This quiz has been taken 1,617 times
  • The average score is 6 of 16
Answers on the Grid
Answers color-coded by a green-red scale on the quiz's grid according to % correct below.
Adrian Wilson
Anthony Munoz
Bob Griese
Chad Johnson
Champ Bailey
Charles Woodson
Curtis Martin
Darren Woodson
David Carr
Don Maynard
Jerry Rice
John Abraham
Jonathan Ogden
Julian Edelman
Ken Anderson
LaDainian Tomlinson
Lawrence Taylor
Le'Veon Bell
Lorenzo Neal
Mario Williams
Nick Mangold
Nnamdi Asomugha
Randall Cunningham
Randy Moss
Santonio Holmes
Shannon Sharpe
Steve Largent
Steve McMichael
Torry Holt
Travis Frederick
Troy Aikman
Willie Lanier
 
Answer Stats
Answer % Correct
Jerry Rice
60%
Anthony Munoz
56%
Charles Woodson
54%
Lawrence Taylor
52%
Randy Moss
48%
Champ Bailey
46%
LaDainian Tomlinson
45%
Troy Aikman
44%
Bob Griese
34%
Shannon Sharpe
34%
Steve Largent
27%
Jonathan Ogden
26%
Curtis Martin
22%
Don Maynard
16%
Steve McMichael
13%
Willie Lanier
11%
No matching quizzes found
Score Distribution
Percent of People with Each Score
Percentile by Number Answered
Your Score History
You have not taken this quiz